|
|
|
|
| LEADER |
00000nab a2200000 a 4500 |
| 001 |
vtls001518643 |
| 003 |
SK-MaSNL |
| 005 |
20260318124827.0 |
| 008 |
160405c2005 xo |||||||| 000 b|hun |
| 015 |
|
|
|a SNBRB2005/02
|2 snkbucl
|
| 038 |
|
|
|a SNKBUCL
|
| 040 |
|
|
|a DSZK
|b slo
|c DSZK
|e AACR2
|
| 041 |
0 |
|
|a hun
|
| 044 |
|
|
|a xo
|c SK
|
| 080 |
|
|
|a 378.4.096(437.6):371.13
|2 1997
|
| 080 |
|
|
|a 371.13
|2 1997
|
| 100 |
1 |
|
|a Vrabec, Mária,
|d 1970-
|4 aut
|9 102331
|
| 245 |
1 |
0 |
|a A kar, amelyet akartunk
|b egy szemeszter a Konštantin Egyetem Közép-európai Tanulmányok Karán
|c Vrabec Mária
|
| 300 |
|
|
|b Fotogr.
|
| 610 |
2 |
7 |
|a Univerzita Konštantína Filozofa v Nitre.
|b Fakulta stredoeurópskych štúdií
|2 snkbucl
|9 180058
|
| 651 |
|
7 |
|a Nitra (Slovensko)
|2 snkbucl
|9 15714
|
| 773 |
0 |
|
|t Vasárnap
|g Évf. 38, sz. 7 (2005), o. 12-13
|
| 852 |
|
|
|a SNK
|b KIS3GCP
|
| 852 |
|
|
|a DSZK
|b KIS3GCP
|
| 958 |
|
|
|a HU
|
| 958 |
|
|
|a SK
|
| 999 |
|
|
|c 2575804
|d 2577734
|